Fugitiva de la gloria

Gorde:
Xehetasun bibliografikoak
Egile nagusia: Moreno, Miguel
Formatua: Liburua
Hizkuntza:Undetermined
Argitaratua: Panamá, Panamá Nacional 1966
Gaiak:
Etiketak: Etiketa erantsi
Etiketarik gabe, Izan zaitez lehena erregistro honi etiketa jartzen!

MARC

LEADER 00000nam a2200000Ia 4500
008 170316s9999 xx 000 0 und d
040 |a cru BVZT 
090 |a 860 M-37f 
100 |a Moreno, Miguel 
245 |a Fugitiva de la gloria 
260 |a Panamá, Panamá 
260 |b Nacional 
260 |c 1966 
300 |a 184 páginas 
650 |a LITERATURA LATINOAMERICANA 
999 |c 8955  |d 8955 
942 |c 15 D  |h 860 M-37f  |2 z